000 00833nam a2200289 i 4500
003 EG-GICUC
005 20260427064939.0
008 260427s1983 fr |fr|||| 000 0 eng d
020 _a923101983
040 _aEG-GiCUC
_beng
_cEG-GiCUC
_dEG-GiCUC
_erda
041 0 _aeng
082 0 4 _221
_a341.48
_bHU
092 0 4 _221
099 _aLaw1 11 341.48 HU 1983
245 0 0 _aHuman rights in urban areas.
264 1 _aParis :
_bUnesco,
_c1983.
300 _a169 pages,
_c24 cm
336 _2rda content
_atext
337 _2rda media
_aComputer
338 _2rda carrier
_aOnline Resource
504 _a Includes bibliographical references.
546 _aText in English
650 1 4 _aPublic international law
856 4 0 _uhttps://fll.law.cu.edu.eg/fulltext/bks/B11-09376.pdf
905 _a48
942 _2ddc
_cBK
_e21
_n0
999 _c73517
_d73517